| 000 | 00846nam a2200205Ii 4500 | ||
|---|---|---|---|
| 003 | JO-AjNU | ||
| 008 | 230605s9999||||xx |||||||||||||| ||und|| | ||
| 040 |
_aJO-AjNU _bara _erda _cJO-AjNU |
||
| 041 | _aara | ||
| 050 | 1 | 4 | _aBF724.M3712.1998 |
| 100 | 3 |
_aماسترز،وليم ، سييتز،رالف ، رزوق،خليل/ترجمة, _eauthor _916205 |
|
| 245 | 0 | 0 | _aالمراهقة والبلوغ:بحوث في الثقافة الجنسية |
| 250 | _aط1 | ||
| 264 | 3 | 1 | _aبيروت:دار الحرف العربي للطباعة والنشر والتوزيع ،دار المناهل للطباعة والنشر،1998 |
| 300 | _a168ص | ||
| 336 |
_atext _btxt _2rdacontent |
||
| 337 |
_aunmediated _bn _2rdamedia |
||
| 338 |
_avolume _bnc _2rdacarrier |
||
| 650 | 4 |
_aالاطفال-علم نفس-المراهقة-جوانب نفسية _916206 |
|
| 999 |
_aA4751 _c8319 _d8319 |
||